000 00725nam a22001937a 4500
005 20231228163350.0
010 _aHIN-126627
020 _a9788129002457
_c350.00
035 _aHN-98973
037 _bDBAD/PUB
082 _a821
100 _aनरवाला,गुलाब सिंह'रंगीला'
_960370
245 _aगुलाब और कांटे/
_bगुलाब सिंह नरवाला 'रंगीला'
250 _a
260 _aChandigarh
_bNew Era Book Agency
_c2021
270 _aSCO 49-51 Sector-17 C Post Box-52
_bChandigarh
_e160017
300 _a112 पृष्ठ;
_c22 सेमी(अजिल्द)
942 _cHN
_2ddc
_h821
_mनरवा
999 _c199879
_d199879